[Event "Centralserbian-chT 2020"]
[Site "Bajina basta"]
[Date "2020.10.17"]
[Round "11.8"]
[White "Ostojic, Nikola"]
[Black "Djoric, Dusan"]
[Result "1-0"]
[WhiteElo "2406"]
[BlackElo "2303"]
[Annotator "TA"]
[PlyCount "71"]
[EventDate "2020.10.10"]
[EventType "team-tourn"]
[EventCountry "SRB"]
[SourceTitle "playchess.com"]
[Source "ChessBase"]
[SourceQuality "1"]

{[%evp 10,71,-1,-16,-22,-10,-14,-18,-12,-4,0,-20,0,0,0,-2,0,0,4,0,0,0,0,0,0,8,10,0,40,35,35,41,33,14,39,10,127,116,116,120,118,112,109,110,111,104,122,120,236,94,107,95,172,155,262,272,483,482,479,479,477,453,428,272]} 1. c4 e5 2. Nc3 Nf6 3. Nf3 Nc6 4. e3 Bb4 5. Qc2 O-O 6. a3 Bxc3 $1 {A28: English Opening: Four Knights Variation.} 7. Qxc3 Re8 8. d3 d5 {The position is equal.} 9. cxd5 Nxd5 10. Qc2 a5 {[#]} 11. Be2 $146 ({Predecessor:} 11. b3 Qf6 12. Be2 Qg6 13. Bb2 Nb6 14. O-O Bh3 15. Ne1 Be6 16. g3 f6 17. Rb1 {1-0 (57) Neiksans,A (2627)-Berzinsh,R (2408) Tallinn 2017}) 11... a4 12. O-O Be6 13. Bd2 f6 14. Bc3 Bf7 15. Rfe1 Qd7 16. Bf1 Na5 17. Bxa5 Rxa5 18. d4 exd4 (18... e4 $5 {[%cal Re4f3]} 19. Nd2 Qe7 $11) 19. Nxd4 Nb6 20. Rad1 Qe7 21. e4 g6 22. Nb5 {Strongly threatening Qc3.} Qe5 (22... Bb3 $11 23. Qc3 Rxb5 24. Bxb5 c6) 23. f4 $1 $16 {[%cal Rf4e5]} Qxf4 {[#]} 24. Qc3 $1 {[%cal Rc3a5] [#]} Rxb5 $1 {[%mdl 512]} 25. Bxb5 c6 26. Qd4 Qc7 27. Be2 $36 {[%mdl 2048] White is really pushing.} ({Inferior is} 27. Bxa4 c5 $17) 27... Kg7 28. Rf1 Re5 (28... Re6 $16 29. Qf2 Kg8) 29. Rf2 (29. Qf2 $18 {and the rest is easy.} f5 30. exf5 Rxf5 31. Qh4) 29... Be6 30. h3 c5 (30... h5 $16) 31. Qc3 Bb3 (31... Qc6 $16 32. Bd3 c4) 32. Rdf1 $18 Qe7 $2 (32... Nd7 {is a better defense.} 33. Bb5 Rxe4 34. Bxd7 Qxd7 35. Qxf6+ Kh6) 33. Rxf6 {White is clearly winning.} Qxf6 34. Rxf6 Kxf6 35. h4 Ke6 36. Qa5 {Av CentiPawn Loss W=-14/B=-23. Weighted=-17/-22} 1-0

[Event "Centralserbian-chT 2020"]
[Site "Bajina basta"]
[Date "2020.10.17"]
[Round "11.9"]
[White "Bozic, Milan"]
[Black "Solomunovic, Igor"]
[Result "0-1"]
[WhiteElo "2270"]
[BlackElo "2355"]
[Annotator "TA"]
[PlyCount "101"]
[EventDate "2020.10.10"]
[EventType "team-tourn"]
[EventCountry "SRB"]
[SourceTitle "playchess.com"]
[Source "ChessBase"]
[SourceQuality "1"]

{[%evp 9,101,18,20,-18,-6,-2,-11,-20,8,-55,-49,-50,-18,-7,-2,-68,-65,-103,-105,-140,-22,-23,25,19,32,36,32,22,32,-158,-139,-125,-127,-150,-154,-165,-161,-166,-165,-167,-169,-166,-176,-177,-170,-226,-218,-217,-206,-225,-167,-156,-158,-157,-155,-190,-124,-131,-122,-123,-113,-140,-108,-135,-49,-62,-7,-8,-8,-11,2,-61,8,12,8,-8,0,-137,-147,-133,-135,-193,-181,-234,-240,-416,-404,-406,-407,-633,-625,-475,-293,-1601]} 1. c4 Nf6 2. Nc3 e6 3. d4 d5 4. Nf3 Be7 5. Bf4 O-O 6. Qb3 {D37: Queen's Gambit Declined: 5 Bf4.} c5 7. Rd1 {[#]} cxd4 $146 ({Predecessor:} 7... Nc6 8. cxd5 exd5 9. dxc5 Bxc5 10. e3 d4 11. Be2 Qe7 12. exd4 Bb4 13. d5 Na5 {1-0 (70) Khurtsilava,I (2290)-Arabidze,M (2348) Tbilisi 2013}) 8. Nxd4 {The position is equal.} Na6 9. a3 (9. e3 $11) 9... Nc5 $15 10. Qc2 Nce4 11. Nxe4 $1 Nxe4 12. f3 (12. cxd5 $1 $11 exd5 13. f3) 12... Nf6 13. cxd5 Nxd5 14. Bc1 {With the idea e4.} Qb6 (14... Bd7 $17 15. e4 Rc8) 15. e4 $11 Bf6 16. Qf2 Ne7 17. Nb5 Qxf2+ $1 18. Kxf2 Nc6 19. b3 $2 (19. f4 $14 {keeps the upper hand.}) 19... a6 $36 {[%mdl 2048] Black has strong initiative.} 20. Nd6 Rd8 {Threatens to win with ...Be5.} 21. Ke1 Nd4 22. Nc4 {[#]} b5 $1 ({Resist} 22... Nxb3 23. Nb6 $15) 23. Na5 Bh4+ 24. g3 Nxf3+ 25. Ke2 Rxd1 26. Kxd1 Bd8 27. b4 (27. Bg2 $142) 27... Bxa5 $19 28. bxa5 Bb7 29. Bd3 Rd8 30. Ke2 Nd4+ 31. Ke3 Nb3 32. Bb2 Nxa5 (32... f5 $19 33. Be5 Nxa5) 33. Rc1 $17 Nc6 34. g4 f6 35. h4 Rd7 36. g5 fxg5 (36... e5 $17 37. Rg1 Kf7 38. gxf6 gxf6) 37. hxg5 $15 Ne7 (37... Kf7 $15) 38. Bb1 Ng6 39. Ba2 Nf8 40. Rf1 ({Better is} 40. Bb3 $11) 40... h6 ({Black should play} 40... Rc7 $15 41. Be5 Rc6) 41. gxh6 $11 gxh6 42. Rf6 Rg7 {White must now prevent ...Rg2.} 43. Rf2 (43. Be5 $11) 43... Rg4 $17 44. Bb1 h5 45. Rh2 {[#]} (45. Be5 $17) 45... h4 $1 $19 46. Bf6 (46. Kf3 $142 Rg3+ 47. Ke2) 46... Ng6 47. e5 $2 (47. Rh3) 47... Nf4 48. Ba2 Bd5 49. Bb1 (49. Kf2 $142 Rg3 50. Bxd5 Nxd5 51. Rxh4 Rxa3 52. Rg4+ Kf8 53. Bg7+ Ke8 54. Bh6) 49... h3 50. Rc2 Bc4 51. Kd4 $2 {Av CentiPawn Loss W=-49/B=-19. Weighted=-84/-22} (51. Kf3 Rg1 52. Kxf4 Rxb1 53. Be7) 0-1

[Event "Centralserbian-chT 2020"]
[Site "Bajina basta"]
[Date "2020.10.17"]
[Round "11.10"]
[White "Rabrenovic, Vladan"]
[Black "Popovic, Nenad"]
[Result "0-1"]
[WhiteElo "2302"]
[BlackElo "2249"]
[Annotator "TA"]
[PlyCount "76"]
[EventDate "2020.10.10"]
[EventType "team-tourn"]
[EventCountry "SRB"]
[SourceTitle "playchess.com"]
[Source "ChessBase"]
[SourceQuality "1"]

{[%evp 22,76,29,36,55,52,67,31,60,74,55,18,18,10,10,8,12,16,18,17,18,0,12,0,0,-39,-40,-111,-47,-46,-33,-47,-43,-46,-34,-75,-65,-91,-93,-115,-129,-319,-321,-304,-283,-869,-601,-589,-576,-626,-616,-29975,-29976,-29984,-29985,-29992,-29993]} 1. d4 d5 2. c4 e6 3. Nc3 Nf6 4. Bg5 Nbd7 5. e3 Be7 6. Nf3 O-O 7. Rc1 b6 8. cxd5 exd5 9. Bd3 Bb7 10. Qc2 c5 11. O-O h6 12. Bh4 Re8 {D55: Queen's Gambit Declined: 4 Bg5 Be7: Lines without ...h6 and 6...h6 7 Bxf6.} 13. Rfd1 a6 14. a4 Qc7 {[#] White is slightly better.} 15. Bf5 $146 ({Predecessor:} 15. Bg3 Bd6 16. Bxd6 Qxd6 17. dxc5 bxc5 18. Qb3 Rab8 19. Bc4 Ne5 20. Nxe5 Qxe5 21. Bf1 d4 22. exd4 cxd4 23. Re1 Qd6 24. Rxe8+ Nxe8 25. Re1 dxc3 {0-1 (25) Habina,M (2070)-Uhmann,J (2215) Czechia 2003}) 15... Rad8 16. Ne2 c4 17. Nc3 Bc6 18. b3 b5 $1 19. axb5 axb5 20. bxc4 bxc4 21. Ne5 Rb8 22. Bg3 {Threatens to win with Nxd7.} Bd6 {[%cal Rd7e5]} 23. Nxd7 Bxd7 24. Bh4 ({Better is} 24. Bxd7 $15 Qxd7 25. Bxd6 Qxd6 26. Rb1) 24... g5 (24... Bxh2+ $17 25. Kh1 g5 26. Bxd7 Qxd7 27. Kxh2 gxh4) 25. Bg3 $15 Bxg3 26. hxg3 Rb3 {White must now prevent ...Rxc3!} 27. Bxd7 Qxd7 28. Ra1 Reb8 $36 {[%mdl 2048] Black is more active.} 29. Ra2 Qg4 {Strongly threatening ...Rxc3!} 30. Rda1 Kg7 31. Ra5 $2 {Now White is beyond hope.} (31. Rf1 $17 {was necessary.}) 31... Rb2 $19 32. Qd1 R8b3 33. Qe1 $2 {[#]} (33. R5a2 Qxd1+ 34. Rxd1) 33... Rxc3 $1 {[%mdl 576] Remove Defender} 34. Qxc3 {[#]} Rxf2 $1 {[%mdl 512]} 35. Qe1 (35. Kxf2 Ne4+) 35... Re2 36. Qd1 Ne4 {Black mates.} 37. Qf1 Nxg3 38. Qf3 Qh4 {Av CentiPawn Loss W=-81/B=-16. Weighted=-62/-26} 0-1

[Event "Centralserbian-chT 2020"]
[Site "Bajina basta"]
[Date "2020.10.17"]
[Round "11.13"]
[White "Celik, Hasan Huseyin"]
[Black "Budisavljevic, Luka"]
[Result "0-1"]
[WhiteElo "1970"]
[BlackElo "2454"]
[Annotator "TA"]
[PlyCount "60"]
[EventDate "2020.10.10"]
[EventType "team-tourn"]
[EventCountry "SRB"]
[SourceTitle "playchess.com"]
[Source "ChessBase"]
[SourceQuality "1"]

{[%evp 10,60,0,-9,9,0,0,0,0,0,-4,-11,0,-18,-14,-24,-20,-19,-18,-32,-29,-25,-20,-35,-29,-40,-12,-30,-34,-23,-22,-59,-44,-53,-54,-69,-76,-120,-118,-168,-175,-567,-566,-560,-553,-544,-455,-552,-370,-369,-367,-414,-415]} 1. d4 d5 2. c4 e6 3. cxd5 exd5 4. Nc3 c6 5. Qc2 Bd6 6. Nf3 h6 {D31: Queen's Gambit Declined: Semi-Slav without ...Nf6 (+ Marshall Gambit and Noteboom) and Exchange Variation lines without ...Nf6.} 7. e4 dxe4 8. Nxe4 Nf6 {The position is equal.} 9. Nxd6+ Qxd6 {[#]} 10. Be3 $146 ({Predecessor:} 10. Be2 O-O 11. O-O Be6 12. Bd2 Nbd7 13. Rad1 Rfe8 14. Rfe1 Bd5 15. Bc3 Ng4 16. h3 Bxf3 17. hxg4 Bxe2 18. Rxe2 {0-1 (32) Stanojevic,B (2336)-Lazic,M (2466) Bar 2006}) 10... Be6 11. Be2 Nbd7 12. O-O O-O 13. Rfe1 Rfe8 14. a3 Bd5 15. h3 Re6 16. Nd2 Rae8 17. Bd3 Nh5 18. Bh7+ Kh8 {White must now prevent ...Nf4.} 19. Bf5 $1 {[%cal Rf5e6]} R6e7 $1 20. Nc4 Bxc4 21. Qxc4 Nb6 $36 {[%mdl 2048] Black fights for an advantage.} 22. Qb3 Nf4 23. Bg4 Qg6 24. Bd2 {[#] Threatens to win with Rxe7.} Rxe1+ $1 25. Rxe1 $2 (25. Bxe1 f5 26. Bf3) 25... Rxe1+ $19 26. Bxe1 {[#]} Qe4 $1 {[%csl Gf4,LRd4,LRe1,LRg2][%cal Re4g2][%mdl 576] Double Attack} 27. Qf3 Qxe1+ 28. Kh2 Nfd5 29. Qxf7 Qe7 30. Qg6 Nf6 {Av CentiPawn Loss W=-32/B=-10. Weighted=-28/-8} 0-1

[Event "Centralserbian-chT 2020"]
[Site "Bajina basta"]
[Date "2020.10.17"]
[Round "11.15"]
[White "Marinkovic, Ivan"]
[Black "Jovanovic, Dusan D"]
[Result "1/2-1/2"]
[WhiteElo "2451"]
[BlackElo "2412"]
[Annotator "TA"]
[PlyCount "33"]
[EventDate "2020.10.10"]
[EventType "team-tourn"]
[EventCountry "SRB"]
[SourceTitle "playchess.com"]
[Source "ChessBase"]
[SourceQuality "1"]

{[%evp 16,20,18,2,20,19,22]} 1. Nf3 Nf6 2. g3 b6 3. Bg2 Bb7 4. O-O e6 5. b3 Be7 6. Bb2 O-O 7. c4 c5 8. d3 d6 9. Nbd2 Nbd7 {A30: Symmetrical English: Double Fianchetto and Hedgehog.} 10. e3 a6 {[#] A rather calm draw.} {Predecessor:} 11. e4 $146 b5 12. Qe2 Ne8 13. d4 cxd4 14. Nxd4 b4 15. f4 Qb6 16. Kh1 Bf6 17. N2f3 {1-0 (57) Venkatesh,M (2499)-Shomoev,A (2570) Moscow 2012} 1/2-1/2

[Event "Centralserbian-chT 2020"]
[Site "Bajina basta"]
[Date "2020.10.17"]
[Round "11.16"]
[White "Ivanovic, Marko"]
[Black "Novoselski, Zoran"]
[Result "1/2-1/2"]
[WhiteElo "2277"]
[BlackElo "2318"]
[Annotator "TA"]
[PlyCount "28"]
[EventDate "2020.10.10"]
[EventType "team-tourn"]
[EventCountry "SRB"]
[SourceTitle "playchess.com"]
[Source "ChessBase"]
[SourceQuality "1"]

{[%evp 9,15,-25,-3,-6,-4,-19,24,15]} 1. c4 e5 2. Nc3 Nf6 3. g3 Bb4 4. Bg2 O-O 5. e3 Re8 6. Nge2 {A22: English Opening: 1...e5 2 Nc3 Nf6.} c6 7. a3 Bf8 8. d4 {[#] A rather calm draw.} {Predecessor:} d6 $146 9. O-O e4 10. b4 d5 11. cxd5 cxd5 12. Qb3 Be6 13. Bd2 Nbd7 14. Rfc1 Nb6 {0-1 (35) Wundahl,J (1726)-Kropp,J (1750) Bremen 2016} 1/2-1/2